| 000 | 01347nam a2200313 i 4500 | ||
|---|---|---|---|
| 001 | 000027526 | ||
| 003 | DO-SdBNP | ||
| 005 | 20250707110900.0 | ||
| 007 | ta | ||
| 008 | 110401s1968 dr abc 001 0 spa d | ||
| 040 |
_aDO-SdBNP _bspa _cBNPHU _erda |
||
| 082 | 4 |
_a917.293 _bN964t, 1968 _222 |
|
| 100 | 1 |
_aNuñez Molina, Luis, _954611 |
|
| 245 | 1 | 3 |
_aEl territorio dominicano / _cLuis N. Nuñez Molina. |
| 264 | 1 |
_aSanto Domingo : _bJulio D. Postigo e Hijos-Editores, _c1968. |
|
| 300 |
_a187 páginas : _bilustraciones, mapas, retratos ; _c28 cm. |
||
| 336 |
_atexto _btxt _2rdacontent |
||
| 337 |
_asin mediación _bn _2rdamedia |
||
| 338 |
_avolumen _bnc _2rdacarrier |
||
| 500 | _aPara la Educación Secundaria y Superior y para adultos interesados en temas de Geografía Patria. | ||
| 504 | _aBibliografía : páginas 187 | ||
| 505 |
_aOrigen geológico-- _tDimensiones, area, posición-- _tRelieve costero-- _tRelieve del suelo-- _tHidrofia interna-- _tEl clima-- _tLa población-- _tProducción y comercio-- _tLa flora -- _tLa fauna. |
||
| 590 | _aInventariado, 2025/BT | ||
| 650 | 4 |
_aGeografía física _zRepública Dominicana _931346 |
|
| 650 | 4 |
_aGeografía política _zRepública Dominicana _954612 |
|
| 651 | 4 |
_aRepública Dominicana _xGeografía _xLibros de textos _954613 |
|
| 910 | _aValidado. Control de calidad EMS | ||
| 942 |
_2ddc _cLBS1 |
||
| 999 |
_c27018 _d27018 |
||